000 00879naa a2200277 c 4500
001 43666
003 ES-MaCES
005 20150929135606.0
008 130219n2012 sp t 000 | spa d
035 _aCES20130001102v
040 _aES-MaCES
_bspa
_cES-MaCES
100 1 _aPastor, Xavier
_920453
245 1 4 _aPor qué modificar la Ley de Costas
_cXavier Pastor
650 4 _apolítica pesquera
_927610
650 4 _apolítica comunitaria
_930776
650 4 _aaguas costeras
_928824
650 4 _acosta
_928783
650 4 _alegislación
_927153
653 1 0 _aLegislación
650 4 _928712
_aecología
650 4 _926752
_aUE
773 0 _tIndustrias pesqueras
_gaño 85, n. 2049 (1 sept. 2012){10600 R. 082114}; p. 11
_w(ES-MaCES)25605
_965291
902 _aART Artículo de revista
942 _2CES
_cAR
_h6.1.
999 _c43666
_d43666